[Event "Zlin Region-chT 2324"]
[Site "Czech Republic"]
[Date "2024.03.24"]
[Round "10.5"]
[White "Dungl, Martin"]
[Black "Kopcil, Milan"]
[Result "1/2-1/2"]
[WhiteElo "1999"]
[BlackElo "1955"]
[PlyCount "36"]
[EventDate "2023.10.22"]
[EventType "team-tourn"]
[EventRounds "11"]
[EventCountry "CZE"]
[SourceTitle "EXT 2025"]
[Source "ChessBase"]
[SourceDate "2024.10.14"]
[SourceVersion "1"]
[SourceVersionDate "2024.10.14"]
[SourceQuality "1"]
[WhiteTeam "Postoupky Sokol"]
[BlackTeam "Napajedla Slavia"]
[WhiteTeamCountry "CZE"]
[BlackTeamCountry "CZE"]

1. d4 d5 2. c4 e6 3. Nc3 Nf6 4. cxd5 exd5 5. Bg5 Be7 6. Nf3 c6 7. Qc2 Be6 8. e3 Nbd7 9. Bd3 h6 10. Bh4 Nh5 11. Bxe7 Qxe7 12. h3 Nhf6 13. 0-0 0-0 14. Ne5 Nxe5 15. dxe5 Nd7 16. f4 f5 17. a3 Nc5 18. b4 Ne4 1/2-1/2

[Event "CZE-chT2F 1516"]
[Site "Czech Republic"]
[Date "2016.02.21"]
[Round "8.33"]
[White "Rakus, Pavel"]
[Black "Dungl, Martin"]
[Result "1/2-1/2"]
[WhiteElo "2188"]
[BlackElo "2087"]
[PlyCount "72"]
[EventDate "2015.10.18"]
[EventType "team-tourn"]
[EventRounds "11"]
[EventCountry "CZE"]
[SourceTitle "EXT 2022"]
[Source "ChessBase"]
[SourceDate "2021.10.06"]
[SourceVersion "1"]
[SourceVersionDate "2021.10.06"]
[SourceQuality "1"]
[WhiteTeam "Benesov Dolni"]
[BlackTeam "Postoupky"]
[WhiteTeamCountry "CZE"]
[BlackTeamCountry "CZE"]

1. Nf3 c5 2. g3 g6 3. Bg2 Bg7 4. 0-0 Nf6 5. c4 0-0 6. d4 d6 7. Nc3 Nc6 8. d5 Na5 9. Nd2 a6 10. Qc2 Rb8 11. b3 b5 12. Bb2 bxc4 13. bxc4 Bh6 14. f4 Ng4 15. Nd1 Rxb2 16. Qxb2 Bg7 17. Qc1 Bd4+ 18. Kh1 Bxa1 19. Qxa1 Qb6 20. Qc3 Qb4 21. Qd3 Bd7 22. h3 Nf6 23. Ne3 Qb2 24. a3 Qd4 25. Rb1 Qxd3 26. exd3 Ba4 27. Rb6 Ra8 28. Bf3 Nd7 29. Rb1 Rb8 30. Rxb8+ Nxb8 31. Bd1 Bxd1 32. Nxd1 f5 33. Kg2 Kf7 34. Kf3 Kf6 35. Ke3 Nd7 36. Nc3 Nb6 1/2-1/2

[Event "Ricany op-A"]
[Site "Ricany"]
[Date "2014.08.24"]
[Round "3"]
[White "Cerny, Martin"]
[Black "Dungl, Martin"]
[Result "1/2-1/2"]
[WhiteElo "2184"]
[BlackElo "2093"]
[PlyCount "25"]
[EventDate "2014.08.23"]
[EventType "swiss"]
[EventRounds "9"]
[EventCountry "CZE"]
[SourceTitle "EXT 2015"]
[Source "ChessBase"]
[SourceDate "2014.11.20"]
[SourceVersion "1"]
[SourceVersionDate "2014.11.20"]
[SourceQuality "1"]

1. d4 Nf6 2. c4 e6 3. Nf3 Bb4+ 4. Nbd2 0-0 5. a3 Bxd2+ 6. Bxd2 Ne4 7. Qc2 Nxd2 8. Qxd2 d6 9. g3 Qe7 10. Qe3 Nc6 11. Bg2 e5 12. 0-0 Bg4 13. dxe5 1/2-1/2

[Event "CZE-chT2E 1314"]
[Site "Czech Republic"]
[Date "2014.04.06"]
[Round "11.5"]
[White "Semenova, Elena"]
[Black "Dungl, Martin"]
[Result "1-0"]
[WhiteElo "2177"]
[BlackElo "2050"]
[PlyCount "129"]
[EventDate "2013.11.03"]
[EventType "team-tourn"]
[EventRounds "11"]
[EventCountry "CZE"]
[SourceTitle "EXT 2016"]
[Source "ChessBase"]
[SourceDate "2015.10.08"]
[SourceVersion "1"]
[SourceVersionDate "2015.10.08"]
[SourceQuality "1"]
[WhiteTeam "Brno Duras II"]
[BlackTeam "Postoupky"]
[WhiteTeamCountry "CZE"]
[BlackTeamCountry "CZE"]

1. e4 c5 2. Nf3 g6 3. d4 cxd4 4. Nxd4 Nc6 5. c4 Nf6 6. Nc3 d6 7. Be2 Nxd4 8. Qxd4 Bg7 9. Be3 0-0 10. Qd2 Qa5 11. Rc1 Be6 12. 0-0 Rfc8 13. b3 a6 14. f3 b5 15. Nd5 Qxd2 16. Bxd2 Nxd5 17. exd5 Bd4+ 18. Kh1 Bd7 19. Bg5 Kg7 20. Rfd1 Bf6 21. Bxf6+ Kxf6 22. b4 bxc4 23. Bxc4 Bb5 24. Bb3 Rab8 25. Kg1 Be2 26. Rxc8 Rxc8 27. Re1 Bb5 28. Kf2 Rc3 29. Re3 Rc1 30. Re4 Rc3 31. h4 Rd3 32. g4 h6 33. f4 Rd2+ 34. Kf3 e5 35. dxe6 d5 36. g5+ hxg5 37. hxg5+ Ke7 38. Re1 fxe6 39. Rc1 Rd3+ 40. Kf2 Kd7 41. Rd1 Rc3 42. Rd2 Bd3 43. Bd1 Bf5 44. Be2 Ra3 45. Bd1 Rc3 46. Be2 Ra3 47. Bd1 Kc6 48. Bb3 Kb5 49. Rb2 d4 50. Re2 d3 51. Re5+ Kxb4 52. Ke3 a5 53. Bxe6 Bxe6 54. Rxe6 d2+ 55. Kxd2 Rxa2+ 56. Ke3 a4 57. Rxg6 Rc2 58. Ra6 a3 59. g6 Rg2 60. f5 Kc5 61. Kf3 Rh2 62. Kg3 Rh5 63. Kg4 Rh1 64. Rxa3 Kd6 65. g7 1-0

[Event "CZE-chT2E 1314"]
[Site "Czech Republic"]
[Date "2014.02.02"]
[Round "7.7"]
[White "Dungl, Martin"]
[Black "Partys, Petr"]
[Result "1/2-1/2"]
[WhiteElo "2050"]
[BlackElo "2027"]
[PlyCount "27"]
[EventDate "2013.11.03"]
[EventType "team-tourn"]
[EventRounds "11"]
[EventCountry "CZE"]
[SourceTitle "EXT 2016"]
[Source "ChessBase"]
[SourceDate "2015.10.08"]
[SourceVersion "1"]
[SourceVersionDate "2015.10.08"]
[SourceQuality "1"]
[WhiteTeam "Postoupky"]
[BlackTeam "Stare Mesto II"]
[WhiteTeamCountry "CZE"]
[BlackTeamCountry "CZE"]

1. d4 Nf6 2. c4 e5 3. dxe5 Ng4 4. Bf4 g5 5. Bg3 Nc6 6. e3 Ngxe5 7. Nc3 Bg7 8. Nf3 d6 9. Rc1 Be6 10. Nxe5 Nxe5 11. Be2 Qd7 12. b3 0-0-0 13. 0-0 Kb8 14. c5 1/2-1/2

[Event "CZE-chT2E 1314"]
[Site "Czech Republic"]
[Date "2014.01.05"]
[Round "5.7"]
[White "Dungl, Martin"]
[Black "Urban, Vlastimil"]
[Result "1-0"]
[WhiteElo "2050"]
[BlackElo "1974"]
[PlyCount "55"]
[EventDate "2013.11.03"]
[EventType "team-tourn"]
[EventRounds "11"]
[EventCountry "CZE"]
[SourceTitle "EXT 2016"]
[Source "ChessBase"]
[SourceDate "2015.10.08"]
[SourceVersion "1"]
[SourceVersionDate "2015.10.08"]
[SourceQuality "1"]
[WhiteTeam "Postoupky"]
[BlackTeam "Hustopece"]
[WhiteTeamCountry "CZE"]
[BlackTeamCountry "CZE"]

1. d4 d5 2. c4 dxc4 3. Nf3 Nf6 4. e3 a6 5. Bxc4 e6 6. 0-0 c5 7. Qe2 Nc6 8. Rd1 Qc7 9. a4 Bd6 10. Nc3 0-0 11. dxc5 Bxc5 12. h3 Ne5 13. Nxe5 Qxe5 14. e4 Bd7 15. Be3 Bc6 16. f4 Qh5 17. g4 Bxe3+ 18. Qxe3 Qh4 19. Rd2 b5 20. axb5 axb5 21. Rxa8 Rxa8 22. Bxb5 Bxb5 23. Nxb5 Nxg4 24. Qd3 Qe1+ 25. Kg2 Ne3+ 26. Kf3 Qf1+ 27. Kxe3 Qxh3+ 28. Ke2 1-0

[Event "CZE-chT2E 1314"]
[Site "Czech Republic"]
[Date "2013.12.01"]
[Round "3.8"]
[White "Kopecek, Ivan"]
[Black "Dungl, Martin"]
[Result "1-0"]
[WhiteElo "1912"]
[BlackElo "2050"]
[PlyCount "41"]
[EventDate "2013.11.03"]
[EventType "team-tourn"]
[EventRounds "11"]
[EventCountry "CZE"]
[SourceTitle "EXT 2016"]
[Source "ChessBase"]
[SourceDate "2015.10.08"]
[SourceVersion "1"]
[SourceVersionDate "2015.10.08"]
[SourceQuality "1"]
[WhiteTeam "Brno Moravska Slavia"]
[BlackTeam "Postoupky"]
[WhiteTeamCountry "CZE"]
[BlackTeamCountry "CZE"]

1. d4 Nf6 2. c4 e6 3. Nc3 Bb4 4. e3 b6 5. Bd3 Bb7 6. f3 Bxc3+ 7. bxc3 Nc6 8. e4 Na5 9. Nh3 d6 10. 0-0 Qd7 11. Ba3 Ba6 12. Qe2 0-0 13. f4 Qc6 14. e5 Nd7 15. d5 Qa4 16. Bxh7+ Kxh7 17. Qh5+ Kg8 18. Ng5 Qc2 19. f5 Rfe8 20. Qxf7+ Kh8 21. Rf3 1-0

[Event "CZE-chT2E 1314"]
[Site "Czech Republic"]
[Date "2013.11.03"]
[Round "1.7"]
[White "Dungl, Martin"]
[Black "Chladek, Vlastimil"]
[Result "0-1"]
[WhiteElo "2050"]
[BlackElo "2057"]
[PlyCount "104"]
[EventDate "2013.11.03"]
[EventType "team-tourn"]
[EventRounds "11"]
[EventCountry "CZE"]
[SourceTitle "EXT 2016"]
[Source "ChessBase"]
[SourceDate "2015.10.08"]
[SourceVersion "1"]
[SourceVersionDate "2015.10.08"]
[SourceQuality "1"]
[WhiteTeam "Postoupky"]
[BlackTeam "Lipovec Garde"]
[WhiteTeamCountry "CZE"]
[BlackTeamCountry "CZE"]

1. c4 Nf6 2. Nc3 d5 3. d4 c6 4. cxd5 cxd5 5. Nf3 e6 6. Bf4 Bd6 7. Bxd6 Qxd6 8. e3 Bd7 9. Bd3 Nc6 10. 0-0 0-0 11. a3 e5 12. Nb5 Qe7 13. dxe5 Nxe5 14. Nbd4 Rac8 15. Nxe5 Qxe5 16. h3 Ne4 17. Qe2 Rc7 18. Rac1 Rfc8 19. Rxc7 Rxc7 20. Bc2 Qg5 21. Kh2 Qe5+ 22. Kg1 Qg5 23. Kh2 Qe5+ 24. Kh1 Qf6 25. Bb3 Bc6 26. Qf3 Qe5 27. Rd1 g6 28. Kg1 Rd7 29. Qe2 Kg7 30. Rc1 Qd6 31. Ba2 Rd8 32. Nxc6 bxc6 33. Qa6 Nxf2 34. Kxf2 Qf6+ 35. Kg3 Qxb2 36. Qa5 Qxc1 37. Qxd8 Qxe3+ 38. Kh2 Qe5+ 39. Kh1 Qa1+ 40. Kh2 Qe5+ 41. Kh1 Qa1+ 42. Kh2 Qxa2 43. Qe7 Qf2 44. Qd6 Qf6 45. Qc5 d4 46. Qxa7 Qe5+ 47. Kg1 c5 48. Qa5 Qe3+ 49. Kf1 d3 50. Qc3+ f6 51. Qb2 d2 52. Qa1 c4 0-1

[Event "Ricany op"]
[Site "Ricany"]
[Date "2013.08.30"]
[Round "8"]
[White "Franek, Jan1"]
[Black "Dungl, Martin"]
[Result "1-0"]
[WhiteElo "1970"]
[BlackElo "2075"]
[PlyCount "77"]
[EventDate "2013.08.24"]
[EventType "swiss"]
[EventRounds "9"]
[EventCountry "CZE"]
[SourceTitle "EXT 2022"]
[Source "ChessBase"]
[SourceDate "2021.10.06"]
[SourceVersion "1"]
[SourceVersionDate "2021.10.06"]
[SourceQuality "1"]

1. e4 c5 2. Nf3 g6 3. d4 cxd4 4. Nxd4 Nc6 5. c4 Nf6 6. Nc3 d6 7. f3 Nxd4 8. Qxd4 Bg7 9. Be3 0-0 10. Qd2 Be6 11. Rc1 Qa5 12. b3 Rfc8 13. Be2 a6 14. Na4 Qxd2+ 15. Kxd2 Nd7 16. g4 Rc6 17. Nc3 Nc5 18. Rhe1 Kf8 19. Bf1 b5 20. cxb5 axb5 21. Bxb5 Bxc3+ 22. Kxc3 Rb6 23. a4 Rbb8 24. Bxc5 dxc5 25. Kb2 c4 26. Bxc4 Rxa4 27. Bxe6 fxe6 28. Rc8+ Rxc8 29. bxa4 Rc4 30. Ra1 Ke8 31. a5 Kd7 32. a6 Rc8 33. a7 Ra8 34. Kc3 Kc6 35. Kd4 Kd6 36. Ra6+ Kc7 37. Ke5 g5 38. h3 h6 39. Ra3 1-0

[Event "Ricany op"]
[Site "Ricany"]
[Date "2013.08.28"]
[Round "6"]
[White "Konvalinka, Vladislav"]
[Black "Dungl, Martin"]
[Result "0-1"]
[WhiteElo "1886"]
[BlackElo "2075"]
[PlyCount "115"]
[EventDate "2013.08.24"]
[EventType "swiss"]
[EventRounds "9"]
[EventCountry "CZE"]
[SourceTitle "EXT 2022"]
[Source "ChessBase"]
[SourceDate "2021.10.06"]
[SourceVersion "1"]
[SourceVersionDate "2021.10.06"]
[SourceQuality "1"]

1. d4 Nf6 2. c4 e6 3. g3 Bb4+ 4. Bd2 Qe7 5. Bg2 Nc6 6. a3 Bxd2+ 7. Qxd2 a5 8. Nc3 d6 9. Nf3 0-0 10. 0-0 Rd8 11. Qc2 e5 12. e3 Bg4 13. d5 Nb8 14. Rac1 Na6 15. Nd2 Nc5 16. Nb3 Nxb3 17. Qxb3 Nd7 18. e4 Nc5 19. Qc2 a4 20. f3 Bd7 21. Rce1 Rf8 22. f4 exf4 23. Rxf4 Qe5 24. Qd1 Rae8 25. Rh4 g5 26. Rh5 Qg7 27. Qd2 Re5 28. h4 f6 29. hxg5 fxg5 30. Nd1 Be8 31. Rh2 Bg6 32. Nf2 h5 33. Qd4 Qf6 34. Bh1 Rxe4 35. Rxe4 Nxe4 36. Qxf6 Nxf6 37. Nh3 Ng4 38. Re2 Bd3 39. Re1 Rf5 40. Be4 Re5 41. Nxg5 Nf6 42. Bxd3 Rxe1+ 43. Kf2 Rd1 44. Ke2 Rh1 45. Ne6 Rh2+ 46. Kf3 Rxb2 47. Nxc7 Rb3 48. Ke2 Rxa3 49. Nb5 Ra2+ 50. Kd1 Ng4 51. Bg6 Rh2 52. Nxd6 a3 53. Bb1 a2 54. Bxa2 Rxa2 55. Nxb7 Ne3+ 56. Ke1 Nxc4 57. d6 Ne5 58. Nc5 0-1

[Event "Ricany op"]
[Site "Ricany"]
[Date "2013.08.26"]
[Round "4"]
[White "Pavlicek, Petr"]
[Black "Dungl, Martin"]
[Result "1-0"]
[WhiteElo "1976"]
[BlackElo "2075"]
[PlyCount "115"]
[EventDate "2013.08.24"]
[EventType "swiss"]
[EventRounds "9"]
[EventCountry "CZE"]
[SourceTitle "EXT 2022"]
[Source "ChessBase"]
[SourceDate "2021.10.06"]
[SourceVersion "1"]
[SourceVersionDate "2021.10.06"]
[SourceQuality "1"]

1. d4 Nf6 2. c4 e6 3. Nf3 Bb4+ 4. Bd2 Qe7 5. g3 Nc6 6. Bg2 Bxd2+ 7. Nbxd2 d6 8. 0-0 0-0 9. e4 e5 10. d5 Nb8 11. b4 a5 12. a3 Na6 13. Qb3 Bd7 14. Rfc1 c6 15. dxc6 bxc6 16. Qc3 Bg4 17. c5 axb4 18. cxd6 Qxd6 19. axb4 Bxf3 20. Nxf3 Nxe4 21. Qxe5 Qd5 22. Ra5 Qd3 23. Qa1 Nc7 24. Qd4 Rad8 25. Qxd3 Rxd3 26. Ne5 Rc3 27. Rxc3 Nxc3 28. Rc5 Ne2+ 29. Kf1 Nd4 30. Nxc6 Ncb5 31. Nxd4 Nxd4 32. b5 Rb8 33. b6 Ne6 34. Rb5 Kf8 35. b7 Ke7 36. Rb1 Kd6 37. Rd1+ Kc7 38. Rc1+ Kb6 39. Rc8 Ka7 40. Ke2 Nd8 41. Rc7 Kb6 42. Rd7 Nxb7 43. Rxf7 Re8+ 44. Kf1 Nc5 45. Rxg7 Nd3 46. Bf3 Re1+ 47. Kg2 Re5 48. Bd1 Rd5 49. Be2 h5 50. Bxd3 Rxd3 51. Rh7 Rd5 52. Kh3 Kc6 53. Kh4 Rd2 54. Rh6+ Kd7 55. Rf6 Rd5 56. h3 Ke7 57. Rh6 Rd2 58. f4 1-0

[Event "CZE-chT2F 1213"]
[Site "Czech Republic"]
[Date "2013.03.03"]
[Round "10.35"]
[White "Kawulok, Marek"]
[Black "Dungl, Martin"]
[Result "1-0"]
[WhiteElo "2057"]
[BlackElo "2016"]
[PlyCount "123"]
[EventDate "2012.10.14"]
[EventType "team-tourn"]
[EventRounds "11"]
[EventCountry "CZE"]
[SourceTitle "EXT 2016"]
[Source "ChessBase"]
[SourceDate "2015.10.08"]
[SourceVersion "1"]
[SourceVersionDate "2015.10.08"]
[SourceQuality "1"]
[WhiteTeam "Orlova Slavia II"]
[BlackTeam "Postoupky"]
[WhiteTeamCountry "CZE"]
[BlackTeamCountry "CZE"]

1. e4 c5 2. Nc3 Nc6 3. f4 g6 4. Nf3 Bg7 5. Bb5 Nd4 6. 0-0 Nxb5 7. Nxb5 d6 8. c4 Nf6 9. d3 0-0 10. Qe1 a6 11. Nc3 b5 12. e5 Ng4 13. h3 Nh6 14. Be3 Rb8 15. b3 b4 16. Ne4 Bb7 17. Rd1 Qc7 18. Qf2 Nf5 19. Bc1 Rbd8 20. Bb2 Nh6 21. Rfe1 Bxe4 22. dxe4 f6 23. exd6 Rxd6 24. Rd5 Rc8 25. Qd2 Rcd8 26. Qe3 Rc8 27. Red1 Nf7 28. R1d3 e6 29. Rxd6 Nxd6 30. g4 Nf7 31. Kg2 Rd8 32. Rxd8+ Nxd8 33. Qd2 Nf7 34. h4 Qd8 35. Qxd8+ Nxd8 36. Ne1 Kf7 37. Nd3 Bf8 38. Bc1 Nb7 39. Kf3 h5 40. g5 fxg5 41. fxg5 Bd6 42. Bf4 Ke7 43. Bxd6+ Kxd6 44. Kf4 a5 45. Ne5 a4 46. Nxg6 Na5 47. Ne5 Ke7 48. g6 Kf6 49. Nd7+ Kxg6 50. Nxc5 a3 51. Ke5 Nc6+ 52. Kxe6 Nd4+ 53. Kd5 Nf3 54. Nd3 Nxh4 55. c5 Kf7 56. Nf4 Nf3 57. Nxh5 Nd2 58. c6 Ke7 59. Nf6 Kd8 60. Kd6 Nxb3 61. c7+ Kc8 62. Nd5 1-0

[Event "CZE-chT2F 1213"]
[Site "Czech Republic"]
[Date "2013.01.20"]
[Round "7.67"]
[White "Dungl, Martin"]
[Black "Vlachopulos, Georgis"]
[Result "1-0"]
[WhiteElo "2016"]
[BlackElo "1981"]
[PlyCount "63"]
[EventDate "2012.10.14"]
[EventType "team-tourn"]
[EventRounds "11"]
[EventCountry "CZE"]
[SourceTitle "EXT 2016"]
[Source "ChessBase"]
[SourceDate "2015.10.08"]
[SourceVersion "1"]
[SourceVersionDate "2015.10.08"]
[SourceQuality "1"]
[WhiteTeam "Postoupky"]
[BlackTeam "Albrechtice"]
[WhiteTeamCountry "CZE"]
[BlackTeamCountry "CZE"]

1. d4 Nf6 2. c4 d5 3. cxd5 Qxd5 4. Nc3 Qa5 5. Bd2 Nc6 6. e3 e5 7. Bb5 Bd6 8. a4 0-0 9. Nge2 Nb4 10. dxe5 Bxe5 11. Na2 c5 12. Nxb4 cxb4 13. Qb3 Bd6 14. Nd4 Ne4 15. Rd1 a6 16. Bd3 Nc5 17. Qc2 Nxd3+ 18. Qxd3 Qxa4 19. 0-0 Qd7 20. Qe4 Re8 21. Qf3 Qe7 22. Nf5 Bxf5 23. Qxf5 a5 24. b3 Rec8 25. e4 Rc5 26. Qg4 Qe5 27. g3 Rd8 28. Be3 h5 29. Qh4 Rcc8 30. Bf4 Qe6 31. Rd5 Bxf4 32. Rxd8+ 1-0

[Event "CZE-chT2F 1213"]
[Site "Czech Republic"]
[Date "2012.12.02"]
[Round "4.27"]
[White "Dungl, Martin"]
[Black "Kaminsky, Rudolf"]
[Result "1/2-1/2"]
[WhiteElo "2016"]
[BlackElo "2108"]
[PlyCount "65"]
[EventDate "2012.10.14"]
[EventType "team-tourn"]
[EventRounds "11"]
[EventCountry "CZE"]
[SourceTitle "EXT 2016"]
[Source "ChessBase"]
[SourceDate "2015.10.08"]
[SourceVersion "1"]
[SourceVersionDate "2015.10.08"]
[SourceQuality "1"]
[WhiteTeam "Postoupky"]
[BlackTeam "Havirov Slovan"]
[WhiteTeamCountry "CZE"]
[BlackTeamCountry "CZE"]

1. d4 d5 2. c4 e6 3. Nc3 Nf6 4. cxd5 exd5 5. Bg5 c6 6. e3 Bf5 7. Qf3 Bg6 8. Bxf6 gxf6 9. Nge2 Nd7 10. Nf4 Qb6 11. 0-0-0 a5 12. Nxg6 hxg6 13. e4 Bh6+ 14. Kb1 dxe4 15. Qxe4+ Kf8 16. Bc4 f5 17. Qf3 Qb4 18. Bd3 Bg7 19. a3 Qd6 20. Bc2 Rxh2 21. Rxh2 Qxh2 22. g3 Qh3 23. d5 Ne5 24. Qe3 Kg8 25. f4 Nc4 26. Qc5 cxd5 27. Rxd5 b5 28. Nxb5 Nxb2 29. Nd4 Qxg3 30. Kxb2 Rb8+ 31. Ka2 Qxf4 32. Qa7 Rc8 33. Qb7 1/2-1/2

[Event "CZE-chT2F 1213"]
[Site "Czech Republic"]
[Date "2012.10.14"]
[Round "1.47"]
[White "Didi, Jan"]
[Black "Dungl, Martin"]
[Result "1/2-1/2"]
[WhiteElo "2065"]
[BlackElo "2016"]
[PlyCount "58"]
[EventDate "2012.10.14"]
[EventType "team-tourn"]
[EventRounds "11"]
[EventCountry "CZE"]
[SourceTitle "EXT 2016"]
[Source "ChessBase"]
[SourceDate "2015.10.08"]
[SourceVersion "1"]
[SourceVersionDate "2015.10.08"]
[SourceQuality "1"]
[WhiteTeam "Ostrava TJ Nova Hut"]
[BlackTeam "Postoupky"]
[WhiteTeamCountry "CZE"]
[BlackTeamCountry "CZE"]

1. e4 c5 2. Nf3 g6 3. d4 cxd4 4. Nxd4 Nc6 5. Be2 Bg7 6. Be3 Nf6 7. Nc3 0-0 8. 0-0 d5 9. exd5 Nxd5 10. Nxd5 Qxd5 11. Bf3 Qc4 12. Nxc6 bxc6 13. b3 Qc3 14. Rc1 Bf5 15. Qe2 Rfd8 16. Rfd1 e5 17. g3 h5 18. g4 hxg4 19. Bxg4 Rxd1+ 20. Qxd1 Be4 21. Bf3 Bxf3 22. Qxf3 f5 23. Rd1 f4 24. Rd7 Rf8 25. Qg4 Qe1+ 26. Kg2 fxe3 27. Qc4+ Kh8 28. Qh4+ Kg8 29. Qc4+ Kh7 1/2-1/2

[Event "Plzen op"]
[Site "Plzen"]
[Date "2012.08.21"]
[Round "5"]
[White "Dungl, Martin"]
[Black "Lorenc, David"]
[Result "1-0"]
[WhiteElo "1991"]
[BlackElo "1699"]
[PlyCount "97"]
[EventDate "2012.08.18"]
[EventType "swiss"]
[EventRounds "9"]
[EventCountry "CZE"]
[SourceTitle "CBM 150 Extra"]
[Source "ChessBase"]
[SourceDate "2012.10.19"]
[SourceVersion "1"]
[SourceVersionDate "2012.10.19"]
[SourceQuality "1"]

1. d4 Nf6 2. Nf3 c5 3. c3 cxd4 4. cxd4 d5 5. Nc3 Bf5 6. Qb3 Bc8 7. Bf4 a6 8. e3 Nc6 9. Ne5 e6 10. Be2 Bd6 11. Nxc6 bxc6 12. Bxd6 Qxd6 13. Na4 Rb8 14. Qc2 Qb4+ 15. Kf1 Bb7 16. f3 Nd7 17. a3 Qd6 18. Kf2 0-0 19. Bd3 g6 20. h4 f5 21. f4 h5 22. b4 Ra8 23. Rab1 Nf6 24. Qc5 Qd8 25. Qc3 Rf7 26. Nc5 Qd6 27. Rhc1 Bc8 28. Nb3 Bd7 29. Qe1 Rff8 30. Qe2 Rfb8 31. Rc5 Ne4+ 32. Bxe4 fxe4 33. Ra5 Bc8 34. Nc5 Rb5 35. Rxb5 axb5 36. Ra1 Qe7 37. g3 Qa7 38. Nb3 Qb6 39. Na5 Rb8 40. g4 Qd8 41. Rh1 Qe8 42. gxh5 gxh5 43. Rg1+ Kh7 44. Rg5 Kh6 45. Nxc6 Rb7 46. Qd1 Rg7 47. Rxg7 Kxg7 48. Qg1+ Kh8 49. Ne5 1-0

[Event "Bad Godesberg op 16th"]
[Site "Bad Godesberg"]
[Date "2012.07.15"]
[Round "9"]
[White "Auschkalnis, Reinhard"]
[Black "Dungl, Martin"]
[Result "0-1"]
[WhiteElo "1841"]
[BlackElo "1964"]
[PlyCount "114"]
[EventDate "2012.07.07"]
[EventType "swiss"]
[EventRounds "9"]
[EventCountry "GER"]
[SourceTitle "CBM 149 Extra"]
[Source "ChessBase"]
[SourceDate "2012.08.24"]
[SourceVersion "1"]
[SourceVersionDate "2012.08.24"]
[SourceQuality "1"]

1. e4 g6 2. d4 Bg7 3. Nc3 d6 4. Be3 a6 5. Qd2 b5 6. 0-0-0 Nc6 7. Nf3 Rb8 8. Be2 Bb7 9. d5 Ne5 10. Nxe5 Bxe5 11. Bd4 b4 12. Bxe5 dxe5 13. Nb1 Qd6 14. Qe3 Nf6 15. f3 c5 16. Nd2 Nd7 17. Nc4 Qf6 18. g4 0-0 19. Kb1 Rfd8 20. h4 Qf4 21. Qxf4 exf4 22. g5 Bc8 23. Na5 Ne5 24. Rd2 Rd6 25. Rhd1 Bd7 26. Nc4 Nxc4 27. Bxc4 f6 28. gxf6 exf6 29. Re1 Re8 30. Rde2 Re5 31. b3 a5 32. Kb2 g5 33. Rg1 h6 34. Bd3 Kf7 35. Rh2 a4 36. hxg5 a3+ 37. Kc1 fxg5 38. Kd2 Rg6 39. Be2 g4 40. fxg4 Rxe4 41. Bd3 Rd4 42. Ke1 Rxg4 43. Rxg4 Bxg4 44. Rxh6 Ke7 45. Rg6 f3 46. Kf2 Bh5 47. Rg5 Rh4 48. Kg3 Rh1 49. Be4 Rg1+ 50. Kh4 f2 51. Bd3 Ra1 52. Rxh5 Rxa2 53. Rh7+ Kd6 54. Ra7 Rxc2 55. Kg3 Rc3 56. Kxf2 Rxd3 57. Ke2 Rxb3 0-1